|
|
|
|
| LEADER |
00991nam a22002772a 4500 |
| 001 |
000322922 |
| 003 |
CZ BrMZK |
| 005 |
20080220153337.0 |
| 007 |
ta |
| 008 |
980107s1948 xr f cze d |
| 040 |
|
|
|a ABA001
|b cze
|c CBA001
|d ABA001
|
| 041 |
1 |
|
|a cze
|h eng
|
| 100 |
1 |
|
|a Sayers, Dorothy L.
|q (Dorothy Leigh),
|d 1893-1957
|7 jn19990007380
|4 aut
|
| 245 |
1 |
0 |
|a Víra nebo chaos? /
|c Dorothy L. Sayersová [pseud. ; z angl. orig.] (Creed or Chaos?) přel. Vladimír Hořejší
|
| 250 |
|
|
|a 1. vyd.
|
| 260 |
|
|
|a Žel. Brod :
|b Universum,
|c 1948
|f (Jaroslav Jiránek)
|
| 300 |
|
|
|a 99, [3] s. ;
|c 8°
|
| 490 |
1 |
|
|a Orientace ;
|v sv. 6
|
| 500 |
|
|
|a 2000 výt.
|
| 500 |
|
|
|a Vlastní jméno autora: Leigh Johanna
|
| 700 |
1 |
|
|a Hořejší, Vladimír,
|d 1925-1992
|7 jk01042340
|4 trl
|
| 830 |
|
0 |
|a Orientace (Universum)
|0 s
|
| 910 |
|
|
|a BOA001
|b PK-I-0023.723
|
| 990 |
|
|
|a BK
|
| 991 |
|
|
|b 200506
|
| 996 |
7 |
|
|b 3119928840
|c PK-I-0023.723
|l MZK
|r Sklad / do 1 hodiny
|n 10
|w 000322922
|u 000010
|a 1
|e BOA001
|j MZK50
|s A
|